[Event "Bezirksliga Oberbayern 1819"]
[Site "Bayern"]
[Date "2019.01.20"]
[Round "5.1"]
[White "Finsterwalder, Sebastian"]
[Black "Luetkemeyer, Arnd"]
[Result "1/2-1/2"]
[WhiteElo "2121"]
[BlackElo "1939"]
[PlyCount "71"]
[EventDate "2018.10.21"]
[EventType "team-tourn"]
[EventRounds "9"]
[EventCountry "GER"]
[SourceTitle "EXT 2022"]
[Source "ChessBase"]
[SourceDate "2021.10.06"]
[SourceVersion "1"]
[SourceVersionDate "2021.10.06"]
[SourceQuality "1"]
[WhiteTeam "Gauting"]
[BlackTeam "Germering II"]
[WhiteTeamCountry "GER"]
[BlackTeamCountry "GER"]

1. d4 Nf6 2. c4 g6 3. Nc3 d5 4. cxd5 Nxd5 5. e4 Nxc3 6. bxc3 Bg7 7. Bg5 c5 8. Rc1 Qa5 9. Qd2 Nd7 10. Nf3 b6 11. Bd3 Ba6 12. 0-0 Bxd3 13. Qxd3 Qxa2 14. d5 c4 15. Qe3 Qa3 16. e5 Qc5 17. e6 Ne5 18. Nxe5 Qxe3 19. exf7+ Kf8 20. Nd7+ Kxf7 21. fxe3+ Ke8 22. Nf6+ exf6 23. Bxf6 Bxf6 24. Rxf6 Rf8 25. Rc6 Kd7 26. Rxc4 Rae8 27. e4 b5 28. Rb4 a6 29. Re1 Kd6 30. Rb2 Rf4 31. Rbe2 a5 32. Re3 a4 33. g3 Rf7 34. Rb1 Kc5 35. Ra1 Kd6 36. Rb1 1/2-1/2

[Event "Reykjavik op"]
[Site "Reykjavik"]
[Date "2018.03.06"]
[Round "1"]
[White "Hamitevici, Vladimir"]
[Black "Finsterwalder, Sebastian"]
[Result "1-0"]
[WhiteElo "2512"]
[BlackElo "2187"]
[PlyCount "63"]
[EventDate "2018.03.06"]
[EventType "swiss"]
[EventRounds "9"]
[EventCountry "ISL"]
[SourceTitle "CBM 183 Extra"]
[Source "ChessBase"]
[SourceDate "2018.04.19"]
[SourceVersion "1"]
[SourceVersionDate "2018.04.19"]
[SourceQuality "1"]

1. Nf3 d5 2. c4 c6 3. e3 Nf6 4. b3 Bg4 5. Bb2 e6 6. h3 Bh5 7. g4 Bg6 8. Ne5 Nbd7 9. Nxg6 hxg6 10. Bg2 g5 11. Qe2 Bd6 12. Nc3 Qe7 13. 0-0-0 Ba3 14. d4 dxc4 15. Qxc4 Nb6 16. Qe2 Nfd5 17. Nb1 Bd6 18. Nd2 a5 19. a4 Ba3 20. Bxd5 Nxd5 21. Nb1 Bb4 22. Kc2 Rc8 23. e4 Nf4 24. Qf3 Rh4 25. Bc1 c5 26. d5 c4 27. Bxf4 gxf4 28. bxc4 Rxc4+ 29. Kb3 exd5 30. exd5 Re4 31. Rc1 Be1 32. Qxe4 1-0

[Event "Oberbayern Bezirksliga 1718"]
[Site "Germany"]
[Date "2017.11.26"]
[Round "3.1"]
[White "Finsterwalder, Sebastian"]
[Black "Wurzel, Andre"]
[Result "1/2-1/2"]
[WhiteElo "2167"]
[BlackElo "2150"]
[PlyCount "119"]
[EventDate "2017.10.22"]
[EventType "team-tourn"]
[EventRounds "9"]
[EventCountry "GER"]
[SourceTitle "EXT 2019"]
[Source "ChessBase"]
[SourceDate "2018.10.10"]
[SourceVersion "1"]
[SourceVersionDate "2018.10.10"]
[SourceQuality "1"]
[WhiteTeam "Gauting"]
[BlackTeam "Neuburg"]
[WhiteTeamCountry "GER"]
[BlackTeamCountry "GER"]

1. d4 Nf6 2. c4 e6 3. Nc3 d5 4. cxd5 exd5 5. Bg5 c6 6. Qc2 Be7 7. e3 Nbd7 8. Bd3 h6 9. Bh4 Nh5 10. Bg3 Nxg3 11. hxg3 Nf6 12. Nf3 Bd6 13. 0-0-0 Be6 14. Kb1 0-0 15. Rh4 b5 16. Rdh1 Re8 17. Ng5 b4 18. Nxe6 Rxe6 19. Na4 Nd7 20. Bf5 Re8 21. Qxc6 Nf6 22. Nc5 Bf8 23. Qa4 a5 24. g4 g6 25. Bd3 Rc8 26. Qd1 Bg7 27. Qf3 Qb6 28. Qh3 Kf8 29. f4 Rxc5 30. dxc5 Qxc5 31. Rc1 Qb6 32. g5 Rxe3 33. gxf6 Bxf6 34. Qc8+ Re8 35. Qc5+ Qxc5 36. Rxc5 Bxh4 37. Rxa5 Re1+ 38. Kc2 Rg1 39. Kb3 Rxg2 40. Rxd5 Be7 41. a4 bxa3 42. bxa3 Rg4 43. f5 g5 44. Rb5 Rg3 45. Kc3 Bxa3 46. Rb6 h5 47. f6 Ke8 48. Kc4 Kd7 49. Rb3 Bd6 50. Bf5+ Kc7 51. Rxg3 Bxg3 52. Kd5 Be1 53. Ke4 Bc3 54. Bh7 Kd7 55. Kf5 g4 56. Kg5 Ke6 57. Kxh5 g3 58. Be4 Ke5 59. Bc6 Kf4 60. Kh4 1/2-1/2

[Event "Gibraltar Masters 15th"]
[Site "Caleta"]
[Date "2017.02.01"]
[Round "9"]
[White "Nomin Erdene, Davaademberel"]
[Black "Finsterwalder, Sebastian"]
[Result "1-0"]
[WhiteElo "2378"]
[BlackElo "2130"]
[PlyCount "89"]
[EventDate "2017.01.24"]
[EventType "swiss"]
[EventRounds "10"]
[EventCountry "GGB"]
[SourceTitle "CBM 177"]
[Source "ChessBase"]
[SourceDate "2017.03.16"]
[SourceVersion "1"]
[SourceVersionDate "2017.03.16"]
[SourceQuality "1"]

1. e4 e6 2. d4 d5 3. Nc3 Nf6 4. Bg5 Bb4 5. e5 h6 6. exf6 hxg5 7. fxg7 Rg8 8. Qd3 Qf6 9. a3 Bd6 10. Nb5 Nc6 11. Ne2 Bd7 12. Nxd6+ cxd6 13. f3 0-0-0 14. 0-0-0 Qxg7 15. g3 Kb8 16. Bg2 Ne7 17. f4 Rc8 18. Rd2 a6 19. fxg5 Bb5 20. Qf3 Bxe2 21. Qxe2 Qxg5 22. Kb1 Nf5 23. Rd3 Qg6 24. Ka1 Nxd4 25. Rxd4 Rxc2 26. Rd2 Rgc8 27. Rxc2 Rxc2 28. Qf3 Qg7 29. Rb1 Qd4 30. Bf1 Rxh2 31. Qxf7 e5 32. g4 Rf2 33. Qe7 Qf4 34. Qxd6+ Ka8 35. Bxa6 bxa6 36. Qxa6+ Kb8 37. Rh1 Rh2 38. Qb6+ Ka8 39. Qc6+ Ka7 40. Qc7+ Ka6 41. Rc1 Rh6 42. Qc8+ Kb6 43. Rc7 Qd4 44. Ka2 e4 45. Rb7+ 1-0

[Event "Gibraltar Masters 15th"]
[Site "Caleta"]
[Date "2017.01.27"]
[Round "4"]
[White "Szabo, Bence"]
[Black "Finsterwalder, Sebastian"]
[Result "1/2-1/2"]
[WhiteElo "2378"]
[BlackElo "2130"]
[PlyCount "108"]
[EventDate "2017.01.24"]
[EventType "swiss"]
[EventRounds "10"]
[EventCountry "GGB"]
[SourceTitle "CBM 177"]
[Source "ChessBase"]
[SourceDate "2017.03.16"]
[SourceVersion "1"]
[SourceVersionDate "2017.03.16"]
[SourceQuality "1"]

1. Nf3 d5 2. c4 d4 3. b4 f6 4. e3 e5 5. c5 a5 6. Bb5+ c6 7. Bc4 axb4 8. Nxe5 Nh6 9. Nd3 Na6 10. Qh5+ g6 11. Qe2 Nf5 12. Bb2 Be7 13. g4 Nh4 14. Bxd4 h5 15. f3 b6 16. 0-0 bxc5 17. Bb2 Nc7 18. Nf4 Nd5 19. Ng2 hxg4 20. fxg4 Qd6 21. e4 Nxg2 22. Qxg2 Nf4 23. e5 fxe5 24. Rxf4 exf4 25. Bxh8 Bf6 26. Qe4+ Kf8 27. Bxf6 Qxf6 28. d4 Bxg4 29. Qe5 Qxe5 30. dxe5 Rd8 31. a4 Rd4 32. a5 Rxc4 33. Nd2 Rc2 34. a6 Bc8 35. a7 Bb7 36. Nb3 c4 37. Nd4 Rd2 38. a8Q+ Bxa8 39. Rxa8+ Kg7 40. Ne6+ Kf7 41. Ng5+ Ke7 42. e6 Re2 43. Ra7+ Kd6 44. Kf1 f3 45. Rd7+ Kc5 46. e7 c3 47. Nxf3 Re6 48. Nd4 Re4 49. Nb3+ Kb5 50. Rb7+ Kc4 51. Na5+ Kd3 52. Nb3 Kc4 53. Na5+ Kd3 54. Nb3 Kc4 1/2-1/2

[Event "Reykjavik op"]
[Site "Reykjavik"]
[Date "2016.03.11"]
[Round "5"]
[White "Finsterwalder, Sebastian"]
[Black "Papp, Petra"]
[Result "1-0"]
[WhiteElo "2095"]
[BlackElo "2325"]
[PlyCount "125"]
[EventDate "2016.03.08"]
[EventType "swiss"]
[EventRounds "10"]
[EventCountry "ISL"]
[SourceTitle "CBM 171 Extra"]
[Source "ChessBase"]
[SourceDate "2016.04.26"]
[SourceVersion "1"]
[SourceVersionDate "2016.04.26"]
[SourceQuality "1"]

1. Nf3 Nf6 2. c4 g6 3. Nc3 d5 4. cxd5 Nxd5 5. e4 Nxc3 6. dxc3 Qxd1+ 7. Kxd1 f6 8. Bc4 e5 9. Be3 Nd7 10. Kc2 Bc5 11. Rhe1 Ke7 12. Nd2 Bxe3 13. Rxe3 Nc5 14. b4 Ne6 15. Nb3 Bd7 16. a4 Rad8 17. a5 Bc8 18. Ree1 h5 19. Nd2 h4 20. Nf1 h3 21. g3 c6 22. b5 Ng5 23. a6 cxb5 24. Bxb5 b6 25. f4 Nf7 26. Ne3 Be6 27. Bc6 Nd6 28. Rad1 Nc4 29. Nd5+ Bxd5 30. Bxd5 Nd6 31. c4 Rc8 32. Kd3 Rc5 33. g4 g5 34. fxe5 fxe5 35. Ra1 Rh4 36. Re3 Rh8 37. Rf3 Rh4 38. Ra2 Rh7 39. Ra3 Rc8 40. Ke2 Rch8 41. Rac3 Rh6 42. c5 Nb5 43. Rf7+ Ke8 44. Rc4 Rf8 45. Rb7 Rff6 46. cxb6 Nd4+ 47. Rxd4 exd4 48. bxa7 Rxa6 49. Rb8+ Ke7 50. a8Q Rxa8 51. Rxa8 Rf6 52. Ra7+ Ke8 53. Rh7 Rf4 54. Rxh3 Rxg4 55. Kd3 Rf4 56. Kxd4 g4 57. Rh7 Rf2 58. Ke5 Rg2 59. Kd6 Kf8 60. e5 Rb2 61. e6 Rb6+ 62. Kc5 Rb8 63. Rh8+ 1-0

[Event "Barcelona Sants op 17th"]
[Site "Barcelona"]
[Date "2015.08.30"]
[Round "10"]
[White "Finsterwalder, Sebastian"]
[Black "Capellades Subirana, Marc"]
[Result "1/2-1/2"]
[WhiteElo "2050"]
[BlackElo "2199"]
[PlyCount "45"]
[EventDate "2015.08.21"]
[EventType "swiss"]
[EventRounds "10"]
[EventCountry "ESP"]
[SourceTitle "EXT 2016"]
[Source "ChessBase"]
[SourceDate "2015.10.08"]
[SourceVersion "1"]
[SourceVersionDate "2015.10.08"]
[SourceQuality "1"]

1. d4 Nf6 2. c4 e6 3. Nc3 Bb4 4. f3 c5 5. d5 Bxc3+ 6. bxc3 d6 7. e4 e5 8. Bd3 Nbd7 9. Ne2 0-0 10. g4 Ne8 11. h4 g6 12. Ng3 Ng7 13. Bh6 Re8 14. Qd2 Nf8 15. h5 Qe7 16. Ke2 f6 17. hxg6 hxg6 18. Rh2 g5 19. Nf5 Bxf5 20. gxf5 Rec8 21. Rg1 Nh7 22. Bxg7 Qxg7 23. Rgh1 1/2-1/2

[Event "Barcelona Sants op 17th"]
[Site "Barcelona"]
[Date "2015.08.21"]
[Round "1"]
[White "Stella, Andrea"]
[Black "Finsterwalder, Sebastian"]
[Result "1-0"]
[WhiteElo "2423"]
[BlackElo "2050"]
[PlyCount "43"]
[EventDate "2015.08.21"]
[EventType "swiss"]
[EventRounds "10"]
[EventCountry "ESP"]
[SourceTitle "EXT 2016"]
[Source "ChessBase"]
[SourceDate "2015.10.08"]
[SourceVersion "1"]
[SourceVersionDate "2015.10.08"]
[SourceQuality "1"]

1. Nf3 d5 2. c4 d4 3. g3 Nc6 4. Bg2 e5 5. d3 Nf6 6. 0-0 Be7 7. b4 Nd7 8. b5 Ncb8 9. Nbd2 0-0 10. a4 Re8 11. Nb3 c5 12. e3 Bd6 13. exd4 exd4 14. Ba3 Qc7 15. a5 Nf8 16. Ng5 Nbd7 17. Ne4 Ne6 18. f4 f5 19. Nxd6 Qxd6 20. Bd5 Kh8 21. Re1 Rb8 22. Nxd4 1-0

[Event "Oberbayern-ch"]
[Site "Weilheim Marnbach"]
[Date "2012.05.??"]
[Round "4.2"]
[White "Finsterwalder, Sebastian"]
[Black "Lochte, Thomas"]
[Result "1/2-1/2"]
[WhiteElo "2066"]
[BlackElo "2164"]
[PlyCount "31"]
[EventDate "2012.05.17"]
[EventType "swiss"]
[EventRounds "7"]
[EventCountry "GER"]
[SourceTitle "EXT 2022"]
[Source "ChessBase"]
[SourceDate "2021.10.06"]
[SourceVersion "1"]
[SourceVersionDate "2021.10.06"]
[SourceQuality "1"]

1. d4 Nf6 2. c4 c5 3. d5 b5 4. cxb5 a6 5. bxa6 Bxa6 6. Nc3 d6 7. Nf3 Nbd7 8. g3 Qa5 9. Bd2 g6 10. Bg2 Bg7 11. Rb1 0-0 12. 0-0 Rfb8 13. Qc2 Qc7 14. b3 Nb6 15. Nh4 Qb7 16. Rfd1 1/2-1/2

[Event "Oberbayern-ch"]
[Site "Weilheim Marnbach"]
[Date "2012.05.??"]
[Round "3.1"]
[White "Zill, Christoph"]
[Black "Finsterwalder, Sebastian"]
[Result "1-0"]
[WhiteElo "2219"]
[BlackElo "2066"]
[PlyCount "103"]
[EventDate "2012.05.17"]
[EventType "swiss"]
[EventRounds "7"]
[EventCountry "GER"]
[SourceTitle "EXT 2022"]
[Source "ChessBase"]
[SourceDate "2021.10.06"]
[SourceVersion "1"]
[SourceVersionDate "2021.10.06"]
[SourceQuality "1"]

1. e4 e6 2. d4 d5 3. Nc3 Nf6 4. e5 Nfd7 5. f4 c5 6. Nf3 Nc6 7. Be3 Be7 8. Qd2 0-0 9. dxc5 Bxc5 10. Bxc5 Nxc5 11. 0-0-0 b6 12. h4 a5 13. h5 Ba6 14. Bxa6 Nxa6 15. Rh3 Nc5 16. f5 d4 17. Qf4 exf5 18. Qxf5 Qd7 19. Nxd4 Nxd4 20. Qxd7 Nxd7 21. Rxd4 Nxe5 22. Re3 f6 23. h6 gxh6 24. Nd5 Rae8 25. Nxb6 Ng6 26. Rxe8 Rxe8 27. Kd2 Rb8 28. Nc4 Ne5 29. Nxe5 fxe5 30. Rg4+ Kf7 31. b3 Kf6 32. Ke3 Kf5 33. Rg7 Rb4 34. Rxh7 Re4+ 35. Kd3 Rd4+ 36. Ke3 Re4+ 37. Kd3 Rd4+ 38. Kc3 Rg4 39. Rxh6 Rg3+ 40. Kb2 e4 41. Rh5+ Kf4 42. Rxa5 Rxg2 43. Ra8 Rg5 44. Rf8+ Ke3 45. b4 Re5 46. a4 Kd4 47. Rd8+ Ke3 48. a5 Kf2 49. a6 Re7 50. Rd2+ Kf3 51. b5 e3 52. Rd3 1-0